[Event "PNWCC Online blitz JP 2nd"]
[Site "Chess.com INT"]
[Date "2020.03.21"]
[Round "9"]
[White "Tu, Lewis"]
[Black "Zhao, Alex"]
[Result "0-1"]
[WhiteElo "1684"]
[BlackElo "1602"]
[PlyCount "60"]
[EventDate "2020.03.21"]
[EventType "swiss (blitz)"]
[EventRounds "11"]
[EventCountry "USA"]
[SourceTitle "CBM 195 Extra"]
[Source "ChessBase"]
[SourceDate "2020.05.31"]
[SourceVersion "1"]
[SourceVersionDate "2020.05.31"]
[SourceQuality "1"]

1. c4 d6 2. Nc3 g6 3. d4 Bg7 4. e4 Nc6 5. d5 Nd4 6. Nf3 Bg4 7. Be2 Bxf3 8. Bxf3 c5 9. 0-0 Nf6 10. Be3 Nxf3+ 11. Qxf3 0-0 12. Qe2 a6 13. f4 Nd7 14. Bf2 Rb8 15. a4 Qb6 16. a5 Qb3 17. Ra3 Qb4 18. Rfa1 b5 19. cxb5 axb5 20. a6 Rb6 21. a7 Ra8 22. Ra6 Rxa6 23. Rxa6 Bxc3 24. bxc3 Qxc3 25. Qxb5 Qc1+ 26. Qf1 Qxf4 27. Qb1 Qd2 28. g3 Qb4 29. Qxb4 cxb4 30. Rc6 Nc5 0-1

[Event "PNWCC Online blitz JP 2nd"]
[Site "Chess.com INT"]
[Date "2020.03.21"]
[Round "11"]
[White "Wang, Henry H"]
[Black "Zhao, Alex"]
[Result "1-0"]
[WhiteElo "2035"]
[BlackElo "1602"]
[PlyCount "53"]
[EventDate "2020.03.21"]
[EventType "swiss (blitz)"]
[EventRounds "11"]
[EventCountry "USA"]
[SourceTitle "CBM 195 Extra"]
[Source "ChessBase"]
[SourceDate "2020.05.31"]
[SourceVersion "1"]
[SourceVersionDate "2020.05.31"]
[SourceQuality "1"]

1. f4 d6 2. Nf3 g6 3. g3 Bg7 4. Bg2 Nc6 5. 0-0 e5 6. d3 f5 7. Nc3 Nf6 8. e4 0-0 9. fxe5 Nxe5 10. Nxe5 dxe5 11. exf5 gxf5 12. Qe2 Qe7 13. Bg5 c6 14. Rae1 Re8 15. Kh1 h6 16. Bh4 Bd7 17. Qd2 Qc5 18. Bh3 Ng4 19. Bxg4 fxg4 20. Ne4 Qd5 21. c4 Qe6 22. Nf6+ Bxf6 23. Rxf6 Qe7 24. Rg6+ Qg7 25. Qxh6 Qxg6 26. Qxg6+ Kh8 27. Bf6# 1-0

[Event "PNWCC Online blitz JP 2nd"]
[Site "Chess.com INT"]
[Date "2020.03.21"]
[Round "5"]
[White "Zhao, Alex"]
[Black "Liu, Erik"]
[Result "1/2-1/2"]
[WhiteElo "1602"]
[BlackElo "1615"]
[PlyCount "203"]
[EventDate "2020.03.21"]
[EventType "swiss (blitz)"]
[EventRounds "11"]
[EventCountry "USA"]
[SourceTitle "CBM 195 Extra"]
[Source "ChessBase"]
[SourceDate "2020.05.31"]
[SourceVersion "1"]
[SourceVersionDate "2020.05.31"]
[SourceQuality "1"]

1. Nf3 d5 2. g3 c5 3. Bg2 Nf6 4. 0-0 g6 5. d3 Bg7 6. Nbd2 0-0 7. e4 Nc6 8. exd5 Nxd5 9. Nb3 Qb6 10. c3 Bg4 11. h3 Bf5 12. d4 c4 13. Nc5 Qc7 14. Nd2 Nb6 15. a4 a5 16. Qe2 e5 17. g4 Bc2 18. Bxc6 Qxc6 19. Nxc4 Nxc4 20. Qxc4 exd4 21. cxd4 Be4 22. Qe2 Bf3 23. Qd3 Bg2 24. Re1 Rfd8 25. Be3 Bxh3 26. f3 Qxc5 27. dxc5 Rxd3 28. Rad1 Rxd1 29. Rxd1 Re8 30. Bf2 Bxb2 31. Kh2 Bxg4 32. fxg4 Re2 33. Kg2 Be5 34. Kf3 Rc2 35. Rb1 Rb2 36. Rd1 Kg7 37. Rd7 h5 38. gxh5 gxh5 39. Rd5 f6 40. Rd7+ Kg6 41. Rd8 Kf5 42. Rh8 Kg5 43. Rg8+ Kf5 44. Rh8 Kg6 45. Rg8+ Kh7 46. Rd8 Rb3+ 47. Kg2 h4 48. Rd7+ Kg6 49. Bxh4 Rb2+ 50. Bf2 Rb4 51. Kf3 Kf5 52. Rh7 Rb3+ 53. Kg2 Kg6 54. Rd7 Kf5 55. Re7 Rb4 56. Rd7 Kg6 57. Kf3 Kf5 58. Be3 Rb3 59. Ke2 Bf4 60. Bxf4 Kxf4 61. Rd4+ Ke5 62. Rd7 f5 63. Kf2 f4 64. Re7+ Kd4 65. Rf7 Kxc5 66. Rxf4 Rb4 67. Rf5+ Kb6 68. Rf6+ Ka7 69. Rf5 b6 70. Rf7+ Ka6 71. Ke3 Rxa4 72. Kd2 Rb4 73. Kc3 Rb5 74. Rf8 Rc5+ 75. Kb3 Rc7 76. Rf6 Rb7 77. Ka4 Ka7 78. Kb5 Ka8 79. Rf8+ Rb8 80. Rf7 Rb7 81. Rf8+ Rb8 82. Rf6 Ka7 83. Rh6 Rb7 84. Rg6 Rc7 85. Rf6 Rc5+ 86. Ka4 Ka6 87. Rg6 Rc4+ 88. Kb3 Rb4+ 89. Ka3 Rc4 90. Kb3 Kb5 91. Rg5+ Rc5 92. Rg4 a4+ 93. Ka3 Rc4 94. Rg5+ Ka6 95. Rg6 Ka5 96. Rg5+ b5 97. Rf5 Rc3+ 98. Kb2 Kb4 99. Rxb5+ Kxb5 100. Kxc3 a3 101. Kb3 a2 102. Kxa2 1/2-1/2

[Event "PNWCC Online blitz JP 2nd"]
[Site "Chess.com INT"]
[Date "2020.03.21"]
[Round "10"]
[White "Zhao, Alex"]
[Black "Tang, Vincent"]
[Result "1-0"]
[WhiteElo "1602"]
[BlackElo "1332"]
[PlyCount "84"]
[EventDate "2020.03.21"]
[EventType "swiss (blitz)"]
[EventRounds "11"]
[EventCountry "USA"]
[SourceTitle "CBM 195 Extra"]
[Source "ChessBase"]
[SourceDate "2020.05.31"]
[SourceVersion "1"]
[SourceVersionDate "2020.05.31"]
[SourceQuality "1"]

1. Nf3 Nf6 2. g3 g6 3. Bg2 Bg7 4. 0-0 d6 5. d3 0-0 6. e4 Nc6 7. c3 a6 8. Nbd2 e5 9. b4 b5 10. a4 Be6 11. axb5 axb5 12. Bb2 Qd7 13. Qc2 Nh5 14. Ng5 h6 15. Nxe6 Qxe6 16. Qb3 Rxa1 17. Rxa1 Qxb3 18. Nxb3 Rb8 19. Ra6 Ne7 20. Ra7 Rc8 21. Bh3 Nc6 22. Ra6 Nb8 23. Bxc8 Nxa6 24. Bxa6 f6 25. Bxb5 f5 26. exf5 gxf5 27. Bd7 f4 28. Nd2 fxg3 29. hxg3 Nf6 30. Be6+ Kf8 31. Ne4 Ne8 32. d4 Ke7 33. Bb3 c6 34. d5 cxd5 35. Bxd5 Nf6 36. Nxf6 Bxf6 37. Kg2 Kd7 38. Bc1 Kc7 39. Bxh6 Kb6 40. Be3+ Kc7 41. Kf3 Kd7 42. Ke4 Bg5 1-0

[Event "Wisconsin Int"]
[Site "Madison"]
[Date "2017.06.14"]
[Round "3"]
[White "Zhao, Alex"]
[Black "Kievelitz, Bernd"]
[Result "0-1"]
[WhiteElo "1258"]
[BlackElo "1851"]
[PlyCount "136"]
[EventDate "2017.06.13"]
[EventType "swiss"]
[EventRounds "9"]
[EventCountry "USA"]
[SourceTitle "CBM 179 Extra"]
[Source "ChessBase"]
[SourceDate "2017.08.23"]
[SourceVersion "1"]
[SourceVersionDate "2017.08.23"]
[SourceQuality "1"]

1. Nf3 e6 2. g3 d5 3. Bg2 Nf6 4. 0-0 Be7 5. d3 0-0 6. Nbd2 c5 7. e4 d4 8. a4 Nc6 9. Nc4 Qc7 10. e5 Nd5 11. Qe2 b6 12. Nfd2 Ba6 13. f4 Rad8 14. Be4 f5 15. exf6 Rxf6 16. Bg2 Bc8 17. Nf3 Ndb4 18. Nfe5 Nxe5 19. Nxe5 Bd6 20. Nc4 Re8 21. Re1 Bd7 22. b3 Bc6 23. Ba3 Nd5 24. Bb2 Bf8 25. Qd2 Bb7 26. Re2 a6 27. Ne5 Ne3 28. Bxb7 Qxb7 29. Nc4 Nxc4 30. dxc4 Bd6 31. Rae1 Qc7 32. c3 dxc3 33. Bxc3 Rh6 34. Be5 Rd8 35. Qb2 Bxe5 36. Rxe5 Qd6 37. Qe2 Qd4+ 38. Qe3 Qxe3+ 39. R5xe3 Kf7 40. Kg2 Rd2+ 41. R1e2 Rxe2+ 42. Rxe2 Rf6 43. Kf3 g5 44. Ke4 gxf4 45. gxf4 Rh6 46. Rd2 Ke7 47. f5 Rh4+ 48. Ke5 Rh5 49. Rf2 exf5 50. Rxf5 Rxh2 51. Rf3 Rh5+ 52. Ke4 Ke6 53. Rf8 Rh3 54. Rh8 Kf7 55. Ra8 a5 56. Ra7+ Kg6 57. Kd5 Rxb3 58. Kc6 h5 59. Ra8 h4 60. Rh8 Kg5 61. Rg8+ Kf4 62. Rf8+ Kg3 63. Rg8+ Kh2 64. Rh8 h3 65. Rh7 Kg2 66. Rg7+ Kf2 67. Rh7 Ke2 68. Rh8 Kd2 0-1